000 00301nam a2200097Ia 4500
082 _a306.7 DILL
245 0 _aLove by numbers : the hidden facts behind everyone's relationships
100 _a Dillner, Luisa London, 2009
_974032
942 _cBK
008 210817s9999 xx 000 0 und d
999 _c425273
_d425272